| 000 | 00405 a2200145 4500 | ||
|---|---|---|---|
| 040 |
_aDLC _bDLC |
||
| 082 | _a891.4391 | ||
| 100 | _aFarhat Abbas Shah | ||
| 245 |
_aAa laga Jungle daro dewar say _cFarhat Abbas Shah _h[Urdu] |
||
| 260 |
_aLahore: _bShaam kay baad Publications, _c1998. |
||
| 300 |
_a144 p. ; _c22 cm. |
||
| 500 | _aIncludes Index | ||
| 650 | _aUrdu - literature | ||
| 942 |
_cBK _k891.4391 FAR _2ddc |
||
| 999 |
_c5077 _d5077 |
||